| Tag |
First Indicator |
Second Indicator |
Subfields |
| LEADER |
00000cam a2200000 4500 |
| 001 |
in00000056191 |
| 005 |
20151008052409.0 |
| 008 |
720124s1935 nyu b 00000 eng u |
| 010 |
|
|
|a 35006006
|
| 035 |
|
|
|a (OCoLC)00226004
|
| 035 |
|
|
|9 AAH3144AM
|
| 040 |
|
|
|c WSU
|d TXA
|d UtOrBLW
|
| 049 |
|
|
|a TXAM
|c [59881]
|
| 050 |
|
0 |
|a LB875
|b .H265
|
| 092 |
|
|
|a 370.1
|b H325e
|
| 100 |
1 |
|
|a Hart, Joseph Kinmont,
|d 1876-1949.
|
| 245 |
1 |
0 |
|a Education for an age of power ;
|b the TVA poses a problem /
|c by Joseph K. Hart.
|
| 264 |
|
1 |
|a New York,
|a London :
|b Harper & brothers,
|c 1935.
|
| 300 |
|
|
|a 245 pages
|
| 336 |
|
|
|a text
|b txt
|2 rdacontent
|
| 337 |
|
|
|a unmediated
|b n
|2 rdamedia
|
| 338 |
|
|
|a volume
|b nc
|2 rdacarrier
|
| 504 |
|
|
|a "Selected bibliography": pages 241-242.
|
| 610 |
2 |
0 |
|a Tennessee Valley Authority.
|
| 650 |
|
0 |
|a Education
|z United States.
|
| 650 |
|
0 |
|a Education
|x Philosophy.
|
| 651 |
|
0 |
|a United States
|x Civilization.
|
| 651 |
|
0 |
|a Southern States
|x Civilization.
|
| 999 |
|
|
|a MARS
|
| 999 |
f |
f |
|s ba6490ec-e4a9-3655-ba4f-658ea7a56418
|i 5ee19aa2-cb83-33d7-8967-212a1465db54
|t 0
|
| 952 |
f |
f |
|p ric
|a Texas A&M University
|b Rellis Campus
|c Joint Library Facility
|d Remote Storage
|t 0
|e LB875 .H265
|h Library of Congress classification
|i unmediated -- volume
|m A14800818646
|
| 998 |
f |
f |
|a LB875 .H265
|t 0
|l Remote Storage
|